[Event "FIDE World Bl Team Pool C"]
[Site "London ENG"]
[Date "2025.06.14"]
[Round "9.2"]
[White "Schneider, Ilja"]
[Black "Royal, Shreyas"]
[Result "1-0"]
[WhiteTitle "IM"]
[BlackTitle "GM"]
[WhiteElo "2417"]
[BlackElo "2492"]
[WhiteTeam "Berlin Chess Federation"]
[BlackTeam "Rookies"]
[WhiteFideId "4663306"]
[BlackFideId "448869"]
[EventDate "2025.06.14"]
[EventType "team"]

1. e4 c5 2. Nc3 Nc6 3. Bb5 g6 4. Bxc6 bxc6 5. f4 Bg7 6. d3 d6 7. Nf3 a5 8. a4
Nf6 9. O-O Bg4 10. Qe1 Bxf3 11. Rxf3 Nd7 12. b3 O-O 13. Bd2 e6 14. Kh1 f5 15.
exf5 exf5 16. Qe6+ Kh8 17. Re1 Nf6 18. Rfe3 Qc7 19. Qe7 Qxe7 20. Rxe7 Nd5 21.
Nxd5 cxd5 22. Kg1 Bf6 23. Rd7 Rfd8 24. Rxd8+ Rxd8 25. Bxa5 Rd7 26. Bb6 Kg7 27.
a5 Rb7 28. Re6 Be7 29. a6 Rxb6 30. Rxe7+ Kf6 31. a7 Ra6 32. Rxh7 Ra2 33. c4 d4
34. h3 g5 35. fxg5+ Kxg5 36. Rd7 Kf4 37. h4 Kg3 38. Rg7+ Kxh4 39. Kh2 Ra3 40.
Rd7 Kg5 41. Kg3 Ra6 42. Kf3 Ra3 43. Rb7 Kf6 44. Kf4 Ke6 45. Kg5 Ra2 46. g3 Ra1
47. Kg6 Ra2 48. Kg7 Ra1 49. Kf8 d5 50. Ke8 dxc4 51. bxc4 Kd6 52. Kd8 Kc6 53. Kc8
Rh1 54. Rd7 Rh8+ 55. Rd8 Rxd8+ 56. Kxd8 Kb7 57. Kd7 Kxa7 58. Kc6 1-0

[Event "FIDE World Bl Team Pool C"]
[Site "London ENG"]
[Date "2025.06.14"]
[Round "9.3"]
[White "Shogdzhiev, Roman"]
[Black "Florstedt, Johannes"]
[Result "1-0"]
[WhiteTitle "FM"]
[BlackTitle "FM"]
[WhiteElo "2402"]
[BlackElo "2391"]
[WhiteTeam "Rookies"]
[BlackTeam "Berlin Chess Federation"]
[WhiteFideId "55653537"]
[BlackFideId "12922293"]
[EventDate "2025.06.14"]
[EventType "team"]

1. e4 c5 2. Nf3 d6 3. d4 cxd4 4. Nxd4 Nf6 5. Nc3 a6 6. h3 g6 7. g3 Bg7 8. Bg2
O-O 9. O-O Bd7 10. Be3 Nc6 11. Nde2 b5 12. Nd5 Rb8 13. Kh2 Ne5 14. Bd4 Nxd5 15.
exd5 Bf5 16. c3 b4 17. cxb4 Rxb4 18. Bc3 Rc4 19. f4 Nd3 20. Bxg7 Kxg7 21. g4
Nxb2 22. Qb3 Rc2 23. Nd4 Rxg2+ 24. Kxg2 Be4+ 25. Kg3 Nd3 26. Qc3 Kg8 27. Nc6 Qb6
28. Nxe7# 1-0

[Event "FIDE World Bl Team Pool C"]
[Site "London ENG"]
[Date "2025.06.14"]
[Round "9.4"]
[White "Schulze, Lara"]
[Black "Suleimen, Ergali"]
[Result "0-1"]
[WhiteTitle "FM"]
[BlackTitle "FM"]
[WhiteElo "2317"]
[BlackElo "2302"]
[WhiteTeam "Berlin Chess Federation"]
[BlackTeam "Rookies"]
[WhiteFideId "12956830"]
[BlackFideId "13724452"]
[EventDate "2025.06.14"]
[EventType "team"]

1. e4 c5 2. Nf3 e6 3. b3 Nc6 4. Bb2 a6 5. c4 Nge7 6. d4 cxd4 7. Nxd4 Nxd4 8.
Qxd4 Nc6 9. Qd2 Bb4 10. Nc3 O-O 11. a3 Bc5 12. b4 Ba7 13. Be2 Nd4 14. O-O Nb3
15. Qf4 Nxa1 16. Bxa1 Qf6 17. Qd2 Qe7 18. e5 Qh4 19. c5 b6 20. Bf3 Rb8 21. Ne4
bxc5 22. bxc5 Bb7 23. g3 Qe7 24. Nf6+ Kh8 25. Qd3 gxf6 26. exf6 Qxc5 27. Bxb7
Rxb7 28. Qxa6 Rb1 29. Rxb1 Qxf2+ 30. Kh1 Qf3# 0-1

[Event "FIDE World Bl Team Pool C"]
[Site "London ENG"]
[Date "2025.06.14"]
[Round "9.5"]
[White "Nurgaliyeva, Zarina"]
[Black "Rath, Alina"]
[Result "1-0"]
[WhiteTitle "WFM"]
[BlackTitle "CM"]
[WhiteElo "2252"]
[BlackElo "2019"]
[WhiteTeam "Rookies"]
[BlackTeam "Berlin Chess Federation"]
[WhiteFideId "13730096"]
[BlackFideId "24607886"]
[EventDate "2025.06.14"]
[EventType "team"]

1. e4 c5 2. Nf3 Nc6 3. Bb5 a6 4. Bxc6 dxc6 5. d3 Qc7 6. a4 a5 7. Be3 e5 8. O-O
Bd6 9. Nfd2 Qe7 10. Nc4 Bc7 11. f4 exf4 12. Bxf4 Bxf4 13. Rxf4 Be6 14. Nbd2 Nf6
15. e5 Nd5 16. Nd6+ Kd7 17. Rf2 b6 18. N2c4 Kc7 19. Qf3 Rhf8 20. Qg3 g6 21. Ne4
h5 22. Ng5 Kb7 23. Raf1 f5 24. exf6 Qd7 25. f7 Bf5 26. Nd6+ Ka7 27. Nxf5 gxf5
28. Rxf5 Qe7 29. Nh7 1-0

[Event "FIDE World Bl Team Pool C"]
[Site "London ENG"]
[Date "2025.06.14"]
[Round "9.6"]
[White "Ziems, Michael"]
[Black "Dauren, Darmen"]
[Result "0-1"]
[WhiteElo "1904"]
[BlackElo "2008"]
[WhiteTeam "Berlin Chess Federation"]
[BlackTeam "Rookies"]
[WhiteFideId "24678490"]
[BlackFideId "13755579"]
[EventDate "2025.06.14"]
[EventType "team"]

1. d4 c5 2. d5 e5 3. c4 d6 4. Nc3 f5 5. e3 Nf6 6. Be2 Be7 7. a3 a5 8. Nb5 O-O 9.
Nf3 h6 10. Nxe5 dxe5 11. d6 Bxd6 12. Qxd6 Qxd6 13. Nxd6 Nc6 14. b3 Rd8 15. Nb5
a4 16. bxa4 Rxa4 17. O-O Be6 18. Nc3 Raa8 19. Nb5 Rd7 20. Bb2 Rad8 21. Bc1 Na5
22. Bb2 Rd2 23. Bc3 Rxe2 24. Bxa5 Rd7 25. Rac1 Ra2 26. h3 Ne4 27. Bc7 Rdd2 28.
Bxe5 Rxf2 29. Rxf2 Rxf2 30. Nd6 Ra2 31. Nxe4 fxe4 32. Bd6 b6 33. Bc7 Rxa3 34.
Bxb6 Rxe3 35. Bxc5 Re2 36. Bd4 Bd7 37. c5 Bc6 38. Rf1 e3 39. Rf4 Rxg2+ 40. Kf1
Rh2 41. Ke1 Rxh3 42. Rf1 Rg3 43. Rf4 Rg5 44. Rf1 e2 45. Kxe2 Bb5+ 46. Ke1 Bxf1
47. Kxf1 0-1

[Event "FIDE World Bl Team Pool C"]
[Site "London ENG"]
[Date "2025.06.14"]
[Round "9.1"]
[White "D'Costa, Lorin"]
[Black "Beknazarov, Emir"]
[Result "1-0"]
[WhiteTitle "IM"]
[WhiteElo "2370"]
[BlackElo "1878"]
[WhiteTeam "Chess Rising Stars"]
[BlackTeam "Youth KG"]
[WhiteFideId "409219"]
[BlackFideId "13816063"]
[EventDate "2025.06.14"]
[EventType "team"]

1. d4 Nf6 2. Nf3 d5 3. c4 dxc4 4. e3 e6 5. Bxc4 a6 6. O-O c5 7. Bb3 b5 8. a4 c4
9. Bc2 Bb7 10. axb5 axb5 11. Rxa8 Bxa8 12. Qe2 Be7 13. b3 Qd5 14. Nc3 Qh5 15.
bxc4 bxc4 16. Ba4+ Nbd7 17. Ne5 Qxe2 18. Nxe2 Bd6 19. Nxc4 Bb4 20. Nb6 Bb7 21.
f3 Ke7 22. Nxd7 Nxd7 23. e4 Ra8 24. Bb3 Ba6 25. Kf2 Nb6 26. Rd1 Bc4 27. Bxc4
Nxc4 28. Kf1 Ra1 29. Bg5+ f6 30. Rxa1 fxg5 31. Ra4 Ne3+ 32. Kf2 Nd1+ 33. Kg1 Bd2
34. g3 Nc3 35. Nxc3 Bxc3 36. Rc4 Bb2 37. Kf2 h5 38. Ke3 Kf6 39. Rc8 g6 40. Rf8+
Ke7 41. Rb8 Bc1+ 42. Kd3 Ba3 43. Rb7+ Ke8 44. Rg7 Be7 45. Rxg6 Kf7 46. Rh6 h4
47. gxh4 gxh4 48. Rh5 Kg6 49. Rb5 Bd6 50. e5 Be7 51. Ke4 Bd8 52. Rb8 Ba5 53. f4
Kh5 54. Rg8 h3 55. f5 exf5+ 56. Kxf5 Bb6 57. Rh8# 1-0

[Event "FIDE World Bl Team Pool C"]
[Site "London ENG"]
[Date "2025.06.14"]
[Round "9.2"]
[White "Kurbanbaev, Zalkar"]
[Black "Cumming, Rhys"]
[Result "1-0"]
[BlackTitle "FM"]
[WhiteElo "2119"]
[BlackElo "2285"]
[WhiteTeam "Youth KG"]
[BlackTeam "Chess Rising Stars"]
[WhiteFideId "13808524"]
[BlackFideId "470163"]
[EventDate "2025.06.14"]
[EventType "team"]

1. e4 e5 2. Nf3 Nc6 3. Bb5 a6 4. Ba4 Nf6 5. O-O b5 6. Bb3 Bc5 7. c3 d6 8. d4 Ba7
9. a4 O-O 10. Bg5 h6 11. Bh4 Bg4 12. Bd5 Qd7 13. Bxf6 gxf6 14. h3 Bh5 15. axb5
axb5 16. g4 Bg6 17. Nh4 Kh7 18. Qe2 Rfb8 19. Ra6 Rb6 20. Rxb6 cxb6 21. Qxb5 Rc8
22. Nxg6 fxg6 23. Nd2 h5 24. f3 Kg7 25. Kg2 hxg4 26. hxg4 f5 27. Ra1 fxg4 28.
Bxc6 gxf3+ 29. Kf2 Rxc6 30. Rxa7 Qxa7 31. Qxc6 Qa2 32. Qc7+ Kh6 33. Qxb6 exd4
34. cxd4 d5 35. e5 Qa4 36. Qc5 Qa6 37. Nxf3 Qd3 38. Qf8+ Kh5 39. Qh8+ Kg4 40.
Qh4+ Kf5 41. Qf6+ Kg4 42. Qg5+ Kh3 43. Qg3# 1-0

[Event "FIDE World Bl Team Pool C"]
[Site "London ENG"]
[Date "2025.06.14"]
[Round "9.3"]
[White "Navrotescu, Andreea"]
[Black "Keneshbekov, Elim"]
[Result "1-0"]
[WhiteTitle "WGM"]
[BlackTitle "CM"]
[WhiteElo "2333"]
[BlackElo "1883"]
[WhiteTeam "Chess Rising Stars"]
[BlackTeam "Youth KG"]
[WhiteFideId "675946"]
[BlackFideId "13816772"]
[EventDate "2025.06.14"]
[EventType "team"]

1. d4 Nf6 2. c4 g6 3. Nc3 Bg7 4. e4 d6 5. Nge2 O-O 6. Ng3 e5 7. d5 a5 8. h4 h5
9. Bg5 Na6 10. Be2 Nc5 11. Bxh5 gxh5 12. Nxh5 Qe7 13. Qf3 Ncd7 14. Rh3 Kh7 15.
Rg3 Rg8 16. Nb5 c6 17. Nc3 Bh8 18. O-O-O Rg6 19. dxc6 bxc6 20. Kb1 Ba6 21. Nxf6+
Bxf6 22. Qf5 Bxg5 23. hxg5 Kg7 24. Rh1 Qe6 25. Rgh3 Qxf5 26. exf5 Rxg5 27. Rh7+
Kf8 28. Ne4 Rg7 29. f6 Rxh7 30. Rxh7 Kg8 31. Rg7+ Kf8 32. Nxd6 Nxf6 33. Rxf7+
Kg8 34. Rxf6 Kg7 35. Re6 Rf8 36. f3 Rh8 37. Kc2 Rh2 38. Rxe5 Rxg2+ 39. Kc3 Kf6
40. Re3 Rg8 41. Ne4+ Kf5 42. Nc5 Bc8 43. b3 Kf4 44. Rd3 Bf5 45. Rd6 Rc8 46. Nb7
Rc7 47. Nxa5 Kxf3 48. Nxc6 Be4 49. Nd4+ Kf4 50. Rf6+ Ke5 51. Re6+ Kf4 52. a4 Bg2
53. a5 Bd5 54. Rd6 Be4 55. Ne6+ 1-0

[Event "FIDE World Bl Team Pool C"]
[Site "London ENG"]
[Date "2025.06.14"]
[Round "9.4"]
[White "Sezdbekova, Aizhan"]
[Black "Tsaknakis, Zisis"]
[Result "0-1"]
[WhiteTitle "WCM"]
[BlackTitle "FM"]
[WhiteElo "1884"]
[BlackElo "2333"]
[WhiteTeam "Youth KG"]
[BlackTeam "Chess Rising Stars"]
[WhiteFideId "13803590"]
[BlackFideId "4259963"]
[EventDate "2025.06.14"]
[EventType "team"]

1. e4 e5 2. Nf3 Nc6 3. Bc4 Nf6 4. d3 h6 5. c3 d6 6. Nbd2 g6 7. d4 Bg7 8. h3 O-O
9. O-O exd4 10. cxd4 d5 11. exd5 Nxd5 12. Nb3 b6 13. Be3 Bb7 14. Rc1 Qd6 15. a3
Rfe8 16. Qd3 Kh7 17. Rfe1 Rad8 18. Bb5 Re6 19. Nbd2 Nxe3 20. fxe3 Ne7 21. Bc4
Nd5 22. Bxd5 Bxd5 23. e4 Bb7 24. d5 c6 25. Nc4 Qf8 26. d6 b5 27. Na5 Rexd6 28.
Qc2 Ba8 29. e5 Re6 30. b4 Rde8 31. Qc5 Qh8 32. Re2 Bxe5 33. Nxe5 Rxe5 34. Rxe5
Rxe5 35. Qxa7 Qe8 36. Rf1 Re7 37. Qc5 Kg8 38. Qd4 Bb7 39. Qf6 Bc8 40. Qf4 Bf5
41. Qxh6 Bd3 42. Rc1 Re1+ 43. Rxe1 Qxe1+ 44. Kh2 Qe5+ 45. Kg1 Qa1+ 46. Kh2 Qe5+
47. Kg1 Be4 48. Qe3 Qd5 49. Qf2 Qd3 50. Nb7 Qxa3 51. Nd6 Qa1+ 52. Kh2 Qe5+ 53.
Qg3 Qxg3+ 54. Kxg3 Bd5 55. Kf4 f6 56. g4 Kf8 57. Nc8 Kf7 58. Nb6 g5+ 59. Ke3 Bg2
60. Nc8 Bxh3 61. Na7 Bxg4 62. Nxc6 Bd7 63. Nd4 f5 64. Nf3 Kf6 65. Nd4 f4+ 66.
Kf3 Ke5 67. Nb3 g4+ 68. Kf2 g3+ 69. Kf3 Bc6+ 70. Ke2 f3+ 71. Kf1 f2 72. Nc1 Be4
73. Ke2 Kd4 74. Nb3+ Kc3 75. Nc5 Bd3+ 76. Nxd3 f1=Q+ 77. Kxf1 Kxd3 78. Kg2 Kc4
79. Kxg3 Kxb4 80. Kf2 Kc3 0-1

[Event "FIDE World Bl Team Pool C"]
[Site "London ENG"]
[Date "2025.06.14"]
[Round "9.5"]
[White "Mihailidou, Magdalini"]
[Black "Mukanov, Iskender"]
[Result "1-0"]
[WhiteElo "1922"]
[BlackElo "1715"]
[WhiteTeam "Chess Rising Stars"]
[BlackTeam "Youth KG"]
[WhiteFideId "25801236"]
[BlackFideId "13829599"]
[EventDate "2025.06.14"]
[EventType "team"]

1. e4 c5 2. Nf3 e6 3. d4 cxd4 4. Nxd4 Nf6 5. Nc3 Nc6 6. a3 Be7 7. Be3 a6 8. f4
d5 9. e5 Nd7 10. Qg4 g6 11. Qf3 Bc5 12. Qf2 Nxd4 13. Bxd4 Bxd4 14. Qxd4 Qb6 15.
Qxb6 Nxb6 16. O-O-O Bd7 17. h4 Rc8 18. h5 O-O 19. hxg6 fxg6 20. g3 Nc4 21. Bxc4
Rxc4 22. Rhe1 Rfc8 23. Kb1 Be8 24. Rd2 b5 25. Ne2 a5 26. Nd4 Kf7 27. g4 Bd7 28.
Rh1 Kg7 29. f5 Rf8 30. f6+ Kg8 31. c3 b4 32. Rdh2 Rf7 33. axb4 axb4 34. Nf3 bxc3
35. Ng5 c2+ 36. Kc1 Rc5 1-0

[Event "FIDE World Bl Team Pool C"]
[Site "London ENG"]
[Date "2025.06.14"]
[Round "9.6"]
[White "Yrysov, Timur"]
[Black "Kennedy, Aden"]
[Result "0-1"]
[WhiteElo "1880"]
[BlackElo "1950"]
[WhiteTeam "Youth KG"]
[BlackTeam "Chess Rising Stars"]
[WhiteFideId "13835459"]
[BlackFideId "343401015"]
[EventDate "2025.06.14"]
[EventType "team"]

1. e4 g6 2. d4 Bg7 3. Nf3 c5 4. c3 cxd4 5. cxd4 d5 6. e5 Bg4 7. Bb5+ Nc6 8. O-O
Nh6 9. h3 Bxf3 10. Qxf3 Nf5 11. Be3 O-O 12. Nc3 Nfxd4 13. Bxd4 Nxd4 14. Qd3 Nxb5
15. Qxb5 d4 16. Ne4 Qc7 17. f4 Rfd8 18. Rac1 Qd7 19. Qxd7 Rxd7 20. Rfd1 b6 21.
Rc4 Rad8 22. Ng5 Bh6 23. e6 fxe6 24. Nxe6 Re8 25. Rcxd4 Rxd4 26. Rxd4 Kf7 27.
Nc7 Rc8 28. Nb5 e5 29. fxe5 Be3+ 30. Kh1 Rc1+ 31. Kh2 Bxd4 32. Nxd4 Re1 33. e6+
Ke7 34. Nc6+ Kxe6 35. Nxa7 Re2 36. Nc6 Rxb2 37. a4 Ra2 38. Nd8+ Kd7 39. Nf7 Rxa4
40. Ne5+ Ke6 41. Nc6 Rc4 42. Nd8+ Ke7 43. Nb7 Rc7 0-1

[Event "FIDE World Bl Team Pool C"]
[Site "London ENG"]
[Date "2025.06.14"]
[Round "9.1"]
[White "Gurevich, Ilya"]
[Black "Pichot, Alan"]
[Result "0-1"]
[WhiteTitle "GM"]
[BlackTitle "GM"]
[WhiteElo "2586"]
[BlackElo "2588"]
[WhiteTeam "e-therapeutics"]
[BlackTeam "Duobeniajan Costa Calida ESJ"]
[WhiteFideId "2000628"]
[BlackFideId "110973"]
[EventDate "2025.06.14"]
[EventType "team"]

1. e4 e5 2. Nf3 Nc6 3. Bb5 a6 4. Bxc6 dxc6 5. O-O Qf6 6. d3 Bg4 7. h3 Bxf3 8.
Qxf3 Qxf3 9. gxf3 Bd6 10. f4 exf4 11. e5 Bc5 12. Bxf4 Ne7 13. Nd2 Ng6 14. Bg3
O-O-O 15. Kg2 h5 16. f4 Bd4 17. Rab1 h4 18. Bh2 Ne7 19. Kf3 f6 20. Nb3 Bb6 21.
exf6 gxf6 22. Rbe1 Nf5 23. Re6 Rdf8 24. c3 Rhg8 25. d4 Kd7 26. Rfe1 Rf7 27. a4
Re7 28. Rxe7+ Nxe7 29. a5 Ba7 30. Nd2 b5 31. Ne4 Nd5 32. f5 Rf8 33. Kg4 Rg8+ 34.
Kf3 Rf8 35. Kg4 b4 36. c4 Ne7 37. Bg1 Rg8+ 38. Kf4 Rf8 39. Bf2 Ke8 40. Rd1 Kf7
41. Bxh4 Rh8 42. Kg4 Nxf5 43. Bxf6 Ne3+ 44. Kf4 Nxd1 45. Bxh8 Nxb2 46. d5 Nxc4
47. dxc6 Nxa5 48. Be5 Bb6 49. Kf5 Nxc6 50. Ng5+ Kg8 51. Bf6 Bd4 52. h4 Bxf6 53.
Kxf6 b3 0-1

[Event "FIDE World Bl Team Pool C"]
[Site "London ENG"]
[Date "2025.06.14"]
[Round "9.2"]
[White "Ibarra Jerez, Jose Carlos"]
[Black "Pert, Nicholas"]
[Result "1/2-1/2"]
[WhiteTitle "GM"]
[BlackTitle "GM"]
[WhiteElo "2545"]
[BlackElo "2509"]
[WhiteTeam "Duobeniajan Costa Calida ESJ"]
[BlackTeam "e-therapeutics"]
[WhiteFideId "2226332"]
[BlackFideId "403989"]
[EventDate "2025.06.14"]
[EventType "team"]

1. e4 c5 2. Nf3 Nc6 3. Nc3 e5 4. Bc4 Be7 5. d3 d6 6. O-O Nf6 7. Ng5 O-O 8. f4
Bg4 9. Qe1 exf4 10. Bxf4 Nd4 11. Qd2 Qd7 12. h3 Bh5 13. e5 dxe5 14. Bxe5 Nc6 15.
Bxf6 Bxf6 16. Rxf6 gxf6 17. Nd5 Kh8 18. Ne4 Bg6 19. Nexf6 Qd6 20. Qh6 Qe5 21.
Rf1 Rfd8 22. h4 Nd4 23. Qe3 Ne2+ 24. Kf2 Qxe3+ 25. Nxe3 Nd4 26. g4 h6 27. h5 Rd6
28. Kg3 Bh7 29. Nxh7 Kxh7 30. Rxf7+ Kh8 31. Rxb7 Rf8 32. Bf7 Rf6 33. g5 R6xf7
34. Rxf7 Rxf7 35. g6 Rb7 36. b3 Kg7 37. Kf4 Re7 38. c3 Ne6+ 39. Kf3 Ng5+ 40. Kf4
Rd7 41. Nf5+ Kf6 42. Nxh6 Ne6+ 43. Ke4 Ng5+ 44. Kf4 Ne6+ 45. Ke4 Ng5+ 46. Kf4
Ne6+ 1/2-1/2

[Event "FIDE World Bl Team Pool C"]
[Site "London ENG"]
[Date "2025.06.14"]
[Round "9.3"]
[White "Norwood, David R"]
[Black "Cuenca Jimenez, Jose Fernando"]
[Result "1/2-1/2"]
[WhiteTitle "GM"]
[BlackTitle "GM"]
[WhiteElo "2494"]
[BlackElo "2487"]
[WhiteTeam "e-therapeutics"]
[BlackTeam "Duobeniajan Costa Calida ESJ"]
[WhiteFideId "400106"]
[BlackFideId "2255570"]
[EventDate "2025.06.14"]
[EventType "team"]

1. g3 d5 2. Bg2 Nf6 3. Nf3 c5 4. c4 Nc6 5. O-O d4 6. e3 e6 7. exd4 cxd4 8. d3
Be7 9. Na3 O-O 10. Nc2 a5 11. a3 a4 12. Bd2 Bc5 13. Nb4 Bd7 14. b3 axb3 15. Qxb3
Re8 16. Rfe1 h6 17. Rab1 Qb6 18. Nc2 Qxb3 19. Rxb3 Ra7 20. Bb4 b6 21. Ne5 Nxe5
22. Rxe5 Ba4 23. Rb2 Nd7 24. Re1 Rd8 25. h4 h5 26. Re2 g6 27. Ne1 Kg7 28. Nf3
Bc6 29. Ne5 Nxe5 30. Rxe5 Bxg2 31. Kxg2 Bxb4 32. axb4 Ra3 33. Rd2 Kf6 34. Rb5
Rd6 35. Kf3 Ke7 36. Ke4 f6 37. Rc2 Ra1 38. c5 bxc5 39. bxc5 Rd7 40. c6 Rc7 41.
Kxd4 Kd6 42. Rb6 Ra5 43. Ke4 Rc5 44. Rxc5 Kxc5 45. Rb8 Kxc6 46. Rg8 Kd6 47. Rxg6
f5+ 48. Ke3 Rh7 49. Kf4 Kd5 50. Kg5 e5 51. Kxf5 Rf7+ 52. Rf6 Re7 53. f3 Kd4 54.
Kg5 Rg7+ 55. Rg6 Rf7 56. f4 exf4 57. gxf4 Kxd3 58. f5 Ke4 59. f6 Ke5 60. Rh6 Ke6
61. Rg6 Ke5 62. Rh6 Ke6 63. Kxh5 Rxf6 64. Rxf6+ Ke5 1/2-1/2

[Event "FIDE World Bl Team Pool C"]
[Site "London ENG"]
[Date "2025.06.14"]
[Round "9.4"]
[White "Camacho Collados, Marcos"]
[Black "Williams, Simon K"]
[Result "1-0"]
[WhiteTitle "IM"]
[BlackTitle "GM"]
[WhiteElo "2462"]
[BlackElo "2444"]
[WhiteTeam "Duobeniajan Costa Calida ESJ"]
[BlackTeam "e-therapeutics"]
[WhiteFideId "2266237"]
[BlackFideId "404454"]
[EventDate "2025.06.14"]
[EventType "team"]

1. e4 d5 2. exd5 c6 3. d4 Nf6 4. Nf3 cxd5 5. Bd3 Bg4 6. h3 Bxf3 7. Qxf3 e6 8.
O-O Nc6 9. c3 Be7 10. Re1 O-O 11. Nd2 Rb8 12. Qe2 a6 13. a4 Qc7 14. Nf3 Na5 15.
Bg5 Nc4 16. b3 Nd6 17. c4 Nde4 18. Be3 Bb4 19. Rec1 Qe7 20. c5 a5 21. Ne5 Rbc8
22. f3 Ng3 23. Qf2 Nfh5 24. c6 bxc6 25. Nxc6 Qd6 26. Nxb4 Qxb4 27. Rab1 Rxc1+
28. Bxc1 Rc8 29. Bd2 Qb6 30. Kh2 Qb8 31. Kg1 Rc6 32. Rb2 Qc7 33. Bb5 Rc1+ 34.
Bxc1 Qxc1+ 35. Bf1 Nxf1 36. Rc2 1-0

[Event "FIDE World Bl Team Pool C"]
[Site "London ENG"]
[Date "2025.06.14"]
[Round "9.5"]
[White "Sivanandan, Bodhana"]
[Black "Khotenashvili, Bella"]
[Result "1-0"]
[WhiteTitle "WFM"]
[BlackTitle "GM"]
[WhiteElo "2109"]
[BlackElo "2418"]
[WhiteTeam "e-therapeutics"]
[BlackTeam "Duobeniajan Costa Calida ESJ"]
[WhiteFideId "497592"]
[BlackFideId "13602640"]
[EventDate "2025.06.14"]
[EventType "team"]

1. e4 c6 2. Nc3 g6 3. d4 Bg7 4. Nf3 d5 5. h3 Nh6 6. exd5 cxd5 7. Bb5+ Nc6 8. Ne5
Bd7 9. Bxc6 Bxc6 10. Nxc6 bxc6 11. O-O Nf5 12. Ne2 O-O 13. Qd3 Qb6 14. Be3 Nxe3
15. fxe3 e5 16. b3 Rae8 17. Rad1 Bh6 18. c4 exd4 19. exd4 Re3 20. Qc2 Rfe8 21.
Nc3 Bg7 22. Na4 Qb4 23. Qf2 R8e7 24. Qd2 Qb8 25. cxd5 cxd5 26. Nc5 Qg3 27. Qf2
Qd6 28. Qf4 Qxf4 29. Rxf4 Re2 30. Rf2 Bh6 31. Kf1 R2e3 32. Nd3 Bg7 33. Nf4 Rd7
34. Re2 Re4 35. Rxe4 dxe4 36. d5 f5 37. Ke2 Be5 38. Ke3 Kf7 39. g4 Kf6 40. h4
Rc7 41. g5+ Ke7 42. d6+ Bxd6 43. Nd5+ Kd7 44. Nxc7 Kxc7 45. h5 Kc6 46. hxg6 hxg6
47. Kd4 Bf4 48. Rf1 Bxg5 49. Rg1 Bd8 50. Rxg6+ Kd7 51. Ke5 e3 52. Kxf5 e2 53.
Re6 1-0

[Event "FIDE World Bl Team Pool C"]
[Site "London ENG"]
[Date "2025.06.14"]
[Round "9.6"]
[White "Torres, Lucas"]
[Black "Mortazavi, Sami"]
[Result "1-0"]
[WhiteElo "1897"]
[BlackElo "1805"]
[WhiteTeam "Duobeniajan Costa Calida ESJ"]
[BlackTeam "e-therapeutics"]
[WhiteFideId "1769464"]
[BlackFideId "343443834"]
[EventDate "2025.06.14"]
[EventType "team"]

1. e4 g6 2. d4 Bg7 3. Nf3 d6 4. c3 Nf6 5. Bd3 O-O 6. O-O Nc6 7. Re1 e5 8. Nbd2
Nh5 9. Nb3 Nf4 10. Bxf4 exf4 11. Qd2 Qf6 12. Rad1 Bg4 13. Be2 Rfe8 14. Qd3 Rad8
15. Nbd2 d5 16. e5 Qe7 17. Qc2 Bf5 18. Bd3 Bxd3 19. Qxd3 Qd7 20. Re2 h6 21. Rde1
Re6 22. Nb3 b6 23. Qd2 g5 24. Qc2 Ne7 25. c4 dxc4 26. Qxc4 Nd5 27. Nbd2 Rc6 28.
Qd3 Nb4 29. Qe4 Nc2 30. Rd1 Nxd4 31. Nxd4 Qxd4 32. Qxc6 Bxe5 33. Qe4 Qxb2 34.
Qxe5 Rxd2 35. Rdxd2 Qc1+ 36. Re1 Qxd2 37. Qe8+ Kg7 38. Qe5+ Kg8 39. h3 Qxa2 40.
Qxc7 Qb3 41. Re8+ Kg7 42. Qe5+ Kg6 43. Qe4+ Kg7 44. Qd4+ Kg6 45. Rd8 f3 46. Rd6+
Kh7 47. Qe4+ Kg7 48. Qd4+ Kh7 49. Qd3+ 1-0

[Event "FIDE World Bl Team Pool C"]
[Site "London ENG"]
[Date "2025.06.14"]
[Round "9.1"]
[White "Zakarian, David"]
[Black "Gan-Erdene, Sugar"]
[Result "0-1"]
[WhiteTitle "FM"]
[BlackTitle "IM"]
[WhiteElo "2301"]
[BlackElo "2454"]
[WhiteTeam "ANI"]
[BlackTeam "Mongolia-B"]
[WhiteFideId "13301276"]
[BlackFideId "4902980"]
[EventDate "2025.06.14"]
[EventType "team"]

1. e4 c5 2. Nf3 e6 3. d3 Nc6 4. g3 d5 5. Qe2 Be7 6. Bg2 Nf6 7. O-O O-O 8. e5 Nd7
9. c4 d4 10. h4 f5 11. exf6 Nxf6 12. Bf4 Bd6 13. Bxd6 Qxd6 14. Re1 Bd7 15. Nbd2
Rae8 16. Ne5 Nxe5 17. Qxe5 Qb6 18. Nb3 Rc8 19. Bh3 Rfe8 20. Re2 a5 21. Rae1 a4
22. Nd2 Kh8 23. g4 Bc6 24. g5 Nd7 25. Qd6 Nf8 26. Bxe6 Rcd8 27. Qg3 Nxe6 28.
Rxe6 Rxe6 29. Rxe6 Qxb2 30. Ne4 Qxa2 31. h5 Qb1+ 32. Kh2 Qd1 33. h6 Qh5+ 34. Kg1
Qf7 35. hxg7+ Qxg7 36. Nf6 a3 37. Re2 h6 38. f4 Rf8 39. Kf2 Qg6 40. Ra2 Qf5 41.
Rxa3 hxg5 42. Qxg5 Qxf6 43. Qh5+ Kg7 44. Ra2 Qxf4+ 45. Ke1 Qc1+ 46. Ke2 Qf1+ 47.
Kd2 Rf2+ 0-1

[Event "FIDE World Bl Team Pool C"]
[Site "London ENG"]
[Date "2025.06.14"]
[Round "9.2"]
[White "Bilguun, Sumiya"]
[Black "Kiremitciyan, Ari"]
[Result "1-0"]
[WhiteTitle "GM"]
[BlackTitle "FM"]
[WhiteElo "2451"]
[BlackElo "2271"]
[WhiteTeam "Mongolia-B"]
[BlackTeam "ANI"]
[WhiteFideId "4901541"]
[BlackFideId "6373445"]
[EventDate "2025.06.14"]
[EventType "team"]

1. e4 c6 2. Nc3 d5 3. Nf3 g6 4. d4 Bg7 5. h3 dxe4 6. Nxe4 Nf6 7. Nxf6+ exf6 8.
Be3 O-O 9. Qd2 a5 10. O-O-O Be6 11. Kb1 b5 12. Rc1 Na6 13. c4 bxc4 14. Bxc4 Bf5+
15. Bd3 Bxd3+ 16. Qxd3 f5 17. h4 h5 18. Qc4 Nb4 19. Ne5 Bxe5 20. dxe5 Qd3+ 21.
Ka1 Rfe8 22. Bf4 Rad8 23. Bg5 Rd4 24. Qc3 Rd5 25. Bf6 Qxc3 26. Rxc3 Nd3 27. Rxc6
Nxe5 28. Re1 Re6 29. Rxe6 fxe6 30. Bxe5 1-0

[Event "FIDE World Bl Team Pool C"]
[Site "London ENG"]
[Date "2025.06.14"]
[Round "9.3"]
[White "Stepanyan, Henrik"]
[Black "Batkhuyag, Munguntuul"]
[Result "0-1"]
[BlackTitle "IM"]
[WhiteElo "2200"]
[BlackElo "2356"]
[WhiteTeam "ANI"]
[BlackTeam "Mongolia-B"]
[WhiteFideId "401030"]
[BlackFideId "4900758"]
[EventDate "2025.06.14"]
[EventType "team"]

1. d4 d5 2. c4 e6 3. Nf3 Nf6 4. Nc3 c6 5. e3 Nbd7 6. Bd3 dxc4 7. Bxc4 b5 8. Bd3
Bb7 9. e4 b4 10. Na4 c5 11. dxc5 Nxe4 12. Be3 Nexc5 13. Nxc5 Bxc5 14. Bxc5 Nxc5
15. Bb5+ Ke7 16. Qe2 Qb6 17. Bc4 Rhd8 18. O-O Kf8 19. Rac1 h6 20. Ne5 Rac8 21.
Qh5 Qc7 22. Rfe1 Qe7 23. h4 Kg8 24. Qg4 Qf6 25. Qe2 Qxh4 26. Nxf7 Kxf7 27. Bxe6+
Nxe6 28. Qxe6+ Kf8 29. Rxc8 Bxc8 30. Qg6 Qf6 31. Qh7 Bf5 32. Qh8+ Kf7 0-1